[Event "1st Donetsk Masters"]
[Site "Donetsk UKR"]
[Date "2011.02.26"]
[Round "2"]
[White "Mamedov,Ru"]
[Black "Iljin,T"]
[Result "0-1"]
[WhiteElo "2218"]
[BlackElo "2473"]

1.e4 c5 2.c3 Nf6 3.e5 Nd5 4.d4 cxd4 5.cxd4 Nc6 6.Nf3 d6 7.exd6 Qxd6 8.Nc3 e6
9.Bc4 Be7 10.O-O O-O 11.Re1 b6 12.Bb3 Bb7 13.Nxd5 exd5 14.Be3 Bf6 15.Bc2 Rfe8
16.Rc1 Re7 17.Qd2 Rae8 18.Bf4 Qd8 19.Rxe7 Rxe7 20.Bg5 Qd6 21.Bxf6 Qxf6 22.Re1 h6
23.Rxe7 Qxe7 24.Qe3 Qxe3 25.fxe3 Kf8 26.Kf2 Ke7 27.h4 Kd6 28.g4 Bc8 29.Kg3 Nb4
30.Bb1 Ba6 31.Ne5 f6 32.a3 fxe5 33.axb4 g5 34.Bc2 Be2 35.hxg5 hxg5 36.Ba4 Ba6
37.b5 Bc8 38.Bd1 a6 39.bxa6 Bxa6 40.b4 Bb5 41.Kh3 Kc6 42.Kg3 e4 43.Kh3 Bf1+
44.Kg3 Kb5 45.Kf2 Bc4 46.Ke1 Kxb4 47.Kd2 Ka3 48.Bc2 Kb2  0-1

[Event "1st Donetsk Masters"]
[Site "Donetsk UKR"]
[Date "2011.02.26"]
[Round "2"]
[White "Demkovich,A"]
[Black "Gavrish,L"]
[Result "1-0"]
[WhiteElo "2404"]
[BlackElo "2094"]

1.e4 c5 2.c3 Nf6 3.e5 Nd5 4.g3 Qc7 5.Qe2 Nc6 6.f4 e6 7.Bg2 g5 8.d3 b6 9.Na3 Ba6
10.Nf3 gxf4 11.gxf4 Bh6 12.Ng5 Bxg5 13.fxg5 Qxe5 14.Qxe5 Nxe5 15.c4 Nxd3+
16.Kd2 N3f4 17.Bf3 O-O-O 18.cxd5 Nxd5 19.Nc2 h6 20.gxh6 Rxh6 21.Ke1 Rf6 22.Be2 Bxe2
23.Kxe2 Rg8 24.Ne1 Nf4+ 25.Bxf4 Rxf4 26.h4 Rh8 27.Nf3 Rh5 28.Rag1 f6 29.Rg7 Kc7
30.Rd1 Kc6 31.Rdxd7 e5 32.Rxa7 e4 33.Nd2 Rfxh4 34.a4 Rd5 35.Rac7+ Kd6 36.Nc4+ Ke6
37.Rce7+  1-0

[Event "TCh-BEL 2010-11"]
[Site "Antwerpen BEL"]
[Date "2011.02.27"]
[Round "9.4"]
[White "Lemmers,O"]
[Black "De Haan,E"]
[Result "1-0"]
[WhiteElo "2395"]
[BlackElo "2330"]

1.e4 c5 2.c3 Nf6 3.e5 Nd5 4.Nf3 e6 5.Bc4 d6 6.d4 cxd4 7.cxd4 Nc6 8.O-O Be7
9.Re1 O-O 10.Qe2 Bd7 11.Nc3 Nxc3 12.bxc3 dxe5 13.dxe5 Qa5 14.Rb1 Rab8 15.Rb5 Qa4
16.Bb3 Qa6 17.Bc2 Rfd8 18.Qe4 g6 19.Rb1 Qxa2 20.Bb3 Qa5 21.Bg5 Bxg5 22.Nxg5 h6
23.Nxf7 Kxf7 24.Qf4+ Ke8 25.Qxh6 Nxe5 26.Qg7 Nf3+ 27.gxf3 Qg5+ 28.Kf1 Qb5+
29.c4 Qf5 30.Rbd1 Qf7 31.Rxd7 Rxd7 32.Qh8+ Qf8 33.Rxe6+ Re7 34.Ba4+ b5 35.Bxb5+ Rxb5
36.Rxe7+ Kxe7 37.Qxf8+ Kxf8 38.cxb5 Ke7 39.h4 Kd6 40.f4 Kd5 41.Kg2  1-0

[Event "TCh-BEL 2010-11"]
[Site "Liege BEL"]
[Date "2011.02.27"]
[Round "9.3"]
[White "Soors,S"]
[Black "Horvath,Ad1"]
[Result "1/2-1/2"]
[WhiteElo "2305"]
[BlackElo "2493"]

1.e4 c5 2.c3 Nf6 3.e5 Nd5 4.d4 cxd4 5.cxd4 e6 6.Nf3 d6 7.a3 Bd7 8.Bd3 Bc6
9.O-O Nd7 10.Re1 Be7 11.b4 a6 12.Nbd2 Rc8 13.Ne4 dxe5 14.dxe5 h6 15.g3 O-O
16.Bb2 N7b6 17.Qe2 Na4 18.Bd4 Qd7 19.Rac1 Rfd8 20.Red1 Bb5 21.Bxb5 axb5 22.Kg2 Rxc1
23.Rxc1 Ndb6 24.Bc5 Bxc5 25.bxc5 Nc4 26.Nd6 Nxc5 27.Nxc4 bxc4 28.Qxc4 b6
29.Rb1 Qc6 30.Qb5 Qxb5 31.Rxb5 Nd7 32.Nd4 Ra8 33.Nc2 Rc8 34.Ne3 Rc3 35.a4 Rc5
36.f4 Kf8 37.Rb4 Ra5 38.Nc4 Ra6 39.Rb5 Ke7 40.a5 bxa5 41.Rxa5 Rc6 42.Ne3 Rc3
43.Kf2 h5 44.Ra7 Rd3 45.Nc4 Rb3 46.h4 f6 47.f5 exf5 48.exf6+ gxf6 49.Ne3 Rb5
50.Ng2 Rb2+ 51.Kf1 Rb1+ 52.Kf2 Rb2+ 53.Kf1 Rb3 54.Kf2 Kd6 55.Nf4 Nc5 56.Nxh5 Ne4+
57.Ke2 Nxg3+ 58.Nxg3 Rxg3 59.Ra6+ Ke5 60.Ra5+ Ke6 61.Kf2 Rg4 62.Kf3 Rxh4
63.Rb5 Rd4 64.Ra5 Rd5 65.Ra7 Rd4 66.Ra5 Rd1 67.Ra7 Rd7 68.Ra5 Rh7 69.Kg3 Rh5
70.Kf4 Rg5 71.Rb5 Rh5 72.Ra5 Rh4+ 73.Kf3 Rh1 74.Ra7 Rf1+ 75.Ke2 Rc1 76.Kf3 Rc4
77.Ra5 Rd4 78.Rb5 Re4 79.Ra5 Re5 80.Ra7 Rd5 81.Rb7 Ke5 82.Re7+ Kd6 83.Ra7 Ke6
84.Rb7 Rd4 85.Rb5 f4 86.Ra5 f5 87.Rb5 Ra4 88.Rc5 Kf6 89.Rc8 Kg5 90.Rg8+ Kf6
91.Rb8 Kg5 92.Rg8+ Kf6  1/2-1/2

[Event "Osijek Open"]
[Site "Osijek CRO"]
[Date "2011.02.27"]
[Round "7.5"]
[White "Zorman,A"]
[Black "Dulic,G"]
[Result "0-1"]
[WhiteElo "1970"]
[BlackElo "2224"]

1.e4 c5 2.c3 Nf6 3.e5 Nd5 4.Bc4 Nb6 5.Be2 d5 6.f4 d4 7.d3 Nc6 8.Nf3 g6 9.Nbd2 Nd5
10.Ne4 dxc3 11.bxc3 b6 12.c4 Nc7 13.Bb2 Bg7 14.O-O O-O 15.a3 Ne6 16.Ne1 Ned4
17.Bf3 Bf5 18.g4 Nxf3+ 19.Qxf3 Nd4 20.Qg2 Be6 21.Nf3 Qd7 22.Nxd4 cxd4 23.h3 f6
24.exf6 exf6 25.Rae1 h6 26.f5 gxf5 27.gxf5 Bxf5 28.Rxf5 Qxf5 29.Rf1 Qe5 30.Rxf6 Kh8
31.Rg6 Rg8 32.Bc1 Qh5 33.Rg4 Be5 34.Ng5 hxg5 35.Bxg5 Raf8 36.Qe4 Rxg5  0-1

[Event "61st ch-RUS w 1st League"]
[Site "Ivanovo RUS"]
[Date "2011.02.28"]
[Round "8"]
[White "Travkina,A"]
[Black "Bukhteeva,V"]
[Result "1/2-1/2"]
[WhiteElo "2189"]
[BlackElo "2144"]

1.e4 c5 2.c3 Nf6 3.e5 Nd5 4.Nf3 Nc6 5.Na3 d6 6.Bb5 Bd7 7.exd6 e6 8.d4 cxd4
9.Nxd4 Bxd6 10.Nc4 Bc7 11.Bxc6 Bxc6 12.Nxc6 bxc6 13.Qg4 Qf6 14.O-O O-O 15.Qg5 Qxg5
16.Bxg5 h6 17.Be3 Nxe3 18.Nxe3 Rab8 19.Nc4 Rfd8 20.Rfd1 Rd5 21.g3 Kf8 22.Kf1 Ke7
23.Ke2 a5 24.Rd2 Rc5 25.Ne3 Rcb5 26.Nc4 Rc5 27.Ne3 Rcb5 28.Nc4 Rc5  1/2-1/2

[Event "11th Mediterranean Flower"]
[Site "Rijeka CRO"]
[Date "2011.03.03"]
[Round "7"]
[White "Olsarova,T"]
[Black "Olsarova,K"]
[Result "1/2-1/2"]
[WhiteElo "2216"]
[BlackElo "2195"]

1.e4 c5 2.c3 Nf6 3.e5 Nd5 4.d4 cxd4 5.Nf3 e6 6.cxd4 d6 7.Nc3 Nxc3 8.bxc3 Qc7
9.Bd2 Nd7 10.exd6 Bxd6 11.Bd3 b6 12.O-O O-O 13.Re1 Bb7 14.h3 Rac8  1/2-1/2

[Event "TCh-CAT Div Hon"]
[Site "Barcelona ESP"]
[Date "2011.03.05"]
[Round "6.1"]
[White "Jerez Perez,A"]
[Black "Felgaer,R"]
[Result "0-1"]
[WhiteElo "2420"]
[BlackElo "2585"]

1.e4 c5 2.c3 Nf6 3.e5 Nd5 4.Nf3 e6 5.d4 cxd4 6.cxd4 d6 7.a3 Bd7 8.Bd3 Bc6
9.O-O Nd7 10.Re1 Qc7 11.Nbd2 dxe5 12.dxe5 Be7 13.b4 O-O 14.Bb2 Nf4 15.Bf1 Rac8
16.Rc1 Qb8 17.Qb3 Bd5 18.Qe3 Ng6 19.Bd4 a6 20.Bc4 Bxc4 21.Nxc4 Rc6 22.Na5 Rxc1
23.Rxc1 Rc8 24.Rxc8+ Qxc8 25.Qc3 Qb8 26.g3 Bd8 27.Nc4 Qc7 28.a4 Be7 29.Na5 Qxc3
30.Bxc3 b6 31.Nc6 Kf8 32.Kf1 Ke8 33.Ke2 Bf8 34.Ng5 Ne7 35.Nxe7 Bxe7 36.Nf3 Kd8
37.Kd3 Kc7 38.Kc4 Kb7 39.Nd2 b5+ 40.axb5 Nb6+ 41.Kd4 axb5 42.Nb3 Nd5 43.Bd2 Nxb4
44.f4 Nc6+ 45.Ke4 Ka6 46.g4 b4 47.f5 Kb5 48.Bf4 Kc4 49.Nd2+ Kc3 50.g5 exf5+
51.Kxf5 b3 52.Ke4 b2 53.h4 Kc2 54.h5 Bb4  0-1

[Event "TCh-CZE 2010-11"]
[Site "Czech Rep CZE"]
[Date "2011.03.05"]
[Round "8.8"]
[White "Sharashenidze,A"]
[Black "Novotny,M1"]
[Result "1-0"]
[WhiteElo "2285"]
[BlackElo "2255"]

1.e4 c5 2.c3 Nf6 3.e5 Nd5 4.d4 cxd4 5.cxd4 e6 6.Nc3 Nxc3 7.bxc3 Qc7 8.Bd2 b6
9.f4 Be7 10.Nf3 O-O 11.Ng5 f6 12.exf6 gxf6 13.Nxh7 Rf7 14.Bd3 Rxh7 15.Bxh7+ Kxh7
16.Qh5+ Kg7 17.f5  1-0

[Event "TCh-FIN 2010-11"]
[Site "Helsinki FIN"]
[Date "2011.03.12"]
[Round "8.4"]
[White "Lehtivaara,R"]
[Black "Hokkanen,P"]
[Result "0-1"]
[WhiteElo "2182"]
[BlackElo "2304"]

1.e4 c5 2.c3 Nf6 3.e5 Nd5 4.d4 cxd4 5.Nf3 Nc6 6.cxd4 g6 7.Bc4 Nb6 8.Bb3 Bg7
9.Bf4 O-O 10.h3 d6 11.exd6 exd6 12.O-O Na5 13.Bc2 Nd5 14.Bg5 Qb6 15.Nc3 Be6
16.Na4 Qc7 17.Rc1 Qd7 18.Bb1 Rac8 19.Nc3 h6 20.Bh4 Nxc3 21.bxc3 Rfe8 22.Re1 Bd5
23.Rxe8+ Rxe8 24.Nd2 Qb5 25.Bg3 Qc6 26.Kh2 Nc4 27.f3 f5 28.Bf2 Bf6 29.Nxc4  0-1

[Event "ch-FRA Blitz 2011"]
[Site "Nancy FRA"]
[Date "2011.03.12"]
[Round "3"]
[White "Fressinet,L"]
[Black "Weber,T"]
[Result "1-0"]
[WhiteElo "2693"]
[BlackElo "2332"]

1.e4 c5 2.c3 Nf6 3.e5 Nd5 4.Nf3 Nb6 5.d4 cxd4 6.cxd4 d5 7.Bd3 Nc6 8.h3 Nb4
9.Be2 Bf5 10.Na3 e6 11.Bb5+ Nc6 12.O-O Be7 13.Be3 O-O 14.Bxc6 bxc6 15.Rc1 Qd7
16.Nb1 a5 17.b3  1-0

[Event "TCh-SVK Extraliga 2010-11"]
[Site "Slovakia SVK"]
[Date "2011.03.12"]
[Round "7.5"]
[White "Bombek,P"]
[Black "Petenyi,T"]
[Result "1/2-1/2"]
[WhiteElo "2228"]
[BlackElo "2393"]

1.e4 c5 2.c3 Nf6 3.e5 Nd5 4.Bc4 Nb6 5.Bb3 c4 6.Bc2 Nc6 7.Nf3 d6 8.exd6 Qxd6
9.O-O Bg4 10.Qe2 e6 11.Na3 Qc5 12.h3 Bh5 13.b4 cxb3 14.axb3 Be7 15.b4 Qd6
16.d4 O-O 17.Bd2 Rfc8 18.g4 Bg6 19.Bxg6 hxg6 20.Rfd1 Bf8 21.Ne5 Nxe5 22.dxe5 Qc6
23.Nb5 Qc4 24.Qxc4 Nxc4 25.Bf4 a6 26.Nd4 Nb6 27.Rdc1 Rc4 28.Bd2 Rd8 29.Be1 Rd5
30.f4 Bxb4 31.Nxe6 fxe6 32.cxb4 Rxf4 33.Rc7 Rf7 34.Rac1 Rxc7 35.Rxc7 Rd7
36.Rc5 Nd5 37.b5 Rc7 38.Rxc7 Nxc7 39.bxa6 bxa6 40.Kf2 Nd5 41.Kf3 Kf7 42.h4 Ne7
43.Ke4 Nc6 44.Bc3 Ne7 45.Kd4 Nd5 46.Bd2 Ke7 47.Kc5 Kd7 48.Bc1 Ke7 49.Bd2 Kd7
50.Bc1 Ne7 51.Bd2 Ng8 52.h5 gxh5 53.gxh5 Nh6 54.Kb6 Nf5 55.Kxa6 Kc6 56.Bf4 Kd5
57.Kb7 Ke4 58.Bh2 Ne3 59.Kc6 Nf1 60.Kd6 Kf5 61.Bf4 Kxf4 62.Kxe6 Kg5 63.Kf7 Kh6
64.e6 Ng3 65.e7 Ne4 66.Ke6 Nf6 67.Kf7 Ne4 68.Ke6 Nf6 69.Kf7 Kh7 70.e8=Q Nxe8
71.Kxe8 Kg8 72.Ke7 Kh7 73.Ke8 Kh8 74.Ke7 Kh7 75.Ke8 Kh6 76.Kf8 g5 77.hxg6 Kxg6  1/2-1/2

[Event "TCh-SVK Extraliga 2010-11"]
[Site "Slovakia SVK"]
[Date "2011.03.12"]
[Round "7.4"]
[White "Salai,L"]
[Black "Druska,J"]
[Result "1/2-1/2"]
[WhiteElo "2364"]
[BlackElo "2226"]

1.e4 c5 2.c3 Nf6 3.e5 Nd5 4.d4 cxd4 5.Nf3 Nc6 6.Bc4 Nb6 7.Bb3 d6 8.exd6 Qxd6
9.Na3 a6 10.cxd4 e6 11.O-O Be7 12.Be3 Na5 13.Bc2 Nbc4 14.Nxc4 Nxc4 15.Bc1 b5
16.Be4 Rb8 17.b3 Nb6 18.Ne5 Nd5 19.Qh5 g6 20.Qf3 f6 21.Bxd5 Qxd5 22.Qxd5 exd5
23.Nc6 Rb6 24.Nxe7 Kxe7 25.Bd2 Kd7 26.Rfc1 Bb7 27.Rc5 Rc8 28.Rac1 Re6 29.Kf1 Bc6
30.Re1 Rce8 31.Rxe6 Rxe6 32.f3 Re8 33.Kf2 h5 34.g3 Re6 35.Rc1 Bb7 36.Bb4 Bc8
37.h3 Rc6 38.Bc5 Ke8 39.g4 hxg4 40.hxg4 Kf7 41.Re1 Be6 42.a4 b4 43.a5 Rc8
44.Rh1 Kg7 45.Kg3 Bd7 46.Re1 Re8 47.Rxe8 Bxe8 48.Bxb4 Bb5 49.Be7 Kf7 50.Bd8 Bd3
51.Kf4 Ke6 52.g5  1/2-1/2

[Event "TCh-FIN 2010-11"]
[Site "Helsinki FIN"]
[Date "2011.03.13"]
[Round "9.1"]
[White "Kiik,K"]
[Black "Kulaots,K"]
[Result "1/2-1/2"]
[WhiteElo "2421"]
[BlackElo "2592"]

1.e4 c5 2.c3 Nf6 3.e5 Nd5 4.d4 cxd4 5.Nf3 e6 6.cxd4 b6 7.Bd3 Be7 8.Nc3 Nxc3
9.bxc3 Bb7 10.O-O O-O 11.Qc2 Kh8 12.Qe2 d6 13.exd6 Qxd6 14.Ne5 Nd7 15.f4 f5
16.Ba3 Qxa3 17.Nxd7 Rfe8 18.Rac1 Qd6  1/2-1/2

[Event "SPICE Spring Invitational"]
[Site "Lubbock USA"]
[Date "2011.03.13"]
[Round "4"]
[White "Kleiman,J"]
[Black "Esserman,M"]
[Result "1/2-1/2"]
[WhiteElo "2413"]
[BlackElo "2425"]

1.e4 c5 2.c3 Nf6 3.e5 Nd5 4.Nf3 Nc6 5.Bc4 e6 6.d4 d6 7.O-O Be7 8.Qe2 O-O
9.Re1 Qc7 10.Nbd2 cxd4 11.cxd4 Na5 12.b3 dxe5 13.Nxe5 Nxc4 14.bxc4 Nf6 15.a4 Bb4
16.Ba3 Qe7 17.Bxb4 Qxb4 18.Ndf3 b6 19.a5 Bb7 20.Reb1 Qd6 21.Qb2 Bxf3  1/2-1/2

[Event "UT Dallas GM Invitational"]
[Site "Richardson USA"]
[Date "2011.03.13"]
[Round "3"]
[White "Bojkov,D"]
[Black "Zivanic,M"]
[Result "1-0"]
[WhiteElo "2523"]
[BlackElo "2497"]

1.e4 c5 2.c3 Nf6 3.e5 Nd5 4.d4 cxd4 5.Nf3 e6 6.cxd4 d6 7.Bc4 Nc6 8.O-O Be7
9.Qe2 O-O 10.Re1 Qb6 11.Qe4 dxe5 12.dxe5 Bc5 13.Re2 f5 14.exf6 Nxf6 15.Qh4 Nd4
16.Nxd4 Bxd4 17.Nd2 Qc5 18.b4 Qd6 19.Rb1 b5 20.Bb3 Kh8 21.Nf3 e5 22.Nxd4 Qxd4
23.Qxd4 exd4 24.Bb2 d3 25.Re5 a6 26.Rd1 Rd8 27.f3 Ra7 28.Kf2 Rc7 29.Ke3 Rcd7
30.Kd2 Bb7 31.Re6 Nd5 32.Rde1 Kg8 33.Re7 g6 34.g4 Kf8 35.Bg7+ Kg8 36.Bh6 Bc6
37.f4 Rd6 38.R1e6 Kh8 39.Rxd6 Rxd6 40.Bg7+ Kg8 41.Be5 Rd8 42.Rg7+ Kf8 43.Rxh7  1-0

[Event "SPICE Spring Invitational"]
[Site "Lubbock USA"]
[Date "2011.03.15"]
[Round "8"]
[White "Kleiman,J"]
[Black "Bykhovsky,An ISR"]
[Result "1/2-1/2"]
[WhiteElo "2413"]
[BlackElo "2517"]

1.e4 c5 2.c3 Nf6 3.e5 Nd5 4.Bc4 Nb6 5.Bb3 Nc6 6.Nf3 d5 7.exd6 Qxd6 8.O-O c4
9.Bc2 Bg4 10.Qe2 Qe6 11.Qxe6 Bxe6 12.Ng5 Bd5 13.Nxh7 Rd8 14.Nxf8 Kxf8 15.Re1 f6
16.b3 Kf7 17.bxc4 Nxc4 18.d3 Nd6 19.a4 Rc8 20.Nd2 Nb4 21.cxb4 Rxc2 22.Nf1 Rc3
23.b5 Rxd3 24.Be3 a6 25.bxa6 bxa6 26.Red1 Rxd1 27.Rxd1 Bc6 28.a5 Nc4 29.Rc1 Bb5
30.Bd2 Nxd2 31.Nxd2 Rd8 32.Ne4 Rd4 33.Nc5 g5 34.h3 Rd2 35.Nb7 f5 36.Rc3 Kf6
37.Rc7 Ra2 38.Rc5 Rd2 39.Rc3 Rd7 40.Nc5 Rd1+ 41.Kh2 Ke5 42.Re3+ Kd5 43.Nxa6 Bxa6
44.Rxe7 Ra1 45.Rg7 Rxa5 46.Rxg5 Ke4 47.h4 Kf4 48.Rg7 Be2 49.f3 Ra2 50.Kg1 Ra1+
51.Kh2 Ke3 52.Kg3 f4+ 53.Kh2 Kf2 54.Rg5 Bc4 55.Rc5 Bf1 56.Rc2+ Be2 57.Kh3 Ke3
58.Kh2 Kf2 59.Kh3 Ra8 60.Kg4 Rg8+ 61.Kxf4 Rxg2 62.h5 Rh2 63.Kg5 Kxf3 64.h6 Rh1
65.Rxe2  1/2-1/2

[Event "ch-Southern FR Men"]
[Site "Armavir RUS"]
[Date "2011.03.17"]
[Round "6"]
[White "Lupik,M"]
[Black "Bryzgalin,K"]
[Result "0-1"]
[WhiteElo "2206"]
[BlackElo "2461"]

1.e4 c5 2.c3 Nf6 3.e5 Nd5 4.d4 cxd4 5.Nf3 b6 6.Qxd4 Bb7 7.Bc4 e6 8.O-O Qc7
9.Re1 Nc6 10.Qg4 Nde7 11.Na3 a6 12.b4 Ng6 13.Qh5 Nce7 14.Bd2 Nd5 15.Bxd5 Bxd5
16.c4 Bb7 17.Rac1 Be7 18.c5 bxc5 19.bxc5 O-O 20.Ng5 Bxg5 21.Qxg5 f6 22.exf6 Rxf6
23.Qg3 Qc6 24.Rc4 Raf8 25.Be3 Ne5 26.Rd4 Rg6 27.Bg5 Rxg5 28.Qxg5 Nf3+ 29.gxf3 Qxf3  0-1

[Event "e2e4 Uxbridge Open"]
[Site "Denham ENG"]
[Date "2011.03.19"]
[Round "2"]
[White "Hoare,Amy B"]
[Black "Doran,C"]
[Result "1-0"]
[WhiteElo "1916"]
[BlackElo "2020"]

1.e4 c5 2.c3 Nf6 3.e5 Nd5 4.d4 cxd4 5.Nf3 Nc6 6.cxd4 d6 7.Bc4 Nb6 8.Bb3 d5
9.Nh4 g6 10.Nc3 Bg7 11.O-O O-O 12.f4 e6 13.Nf3 Bd7 14.a3 Rc8 15.Bc2 a6 16.Qd3 Na7
17.g4 Nb5 18.Ne2 Qc7 19.Bb1 Na7 20.Nc3 Nc4 21.f5 exf5 22.Nxd5 Nxe5 23.Nxe5 Qxc1
24.Rxc1 Rxc1+ 25.Kg2 Bb5 26.Qd2 Bxe5 27.dxe5 Rc5 28.Ne7+ Kg7 29.Qd6  1-0

[Event "5th Agzamov Mem"]
[Site "Tashkent UZB"]
[Date "2011.03.19"]
[Round "2"]
[White "Kazhgaleyev,M"]
[Black "Temirov,B"]
[Result "1-0"]
[WhiteElo "2618"]
[BlackElo "2326"]

1.e4 c5 2.c3 Nf6 3.e5 Nd5 4.Nf3 Nc6 5.Bc4 Nb6 6.Bb3 d5 7.exd6 Qxd6 8.O-O Be6
9.Bxe6 Qxe6 10.a4 Qd7 11.a5 Nd5 12.a6 b6 13.d4 e6 14.Ne5 Nxe5 15.dxe5 Be7
16.Na3 Nc7 17.Qg4 h5 18.Qxg7 O-O-O 19.Qxf7 Rdf8 20.Qg6 Qc6 21.Qd3 Rhg8 22.f3 h4
23.Bh6 Rf5 24.Nc4 h3 25.g3 Rg6 26.Bd2 b5 27.Na3 Qxa6 28.Qe4 Nd5 29.b3 Qb6
30.c4 bxc4 31.bxc4 Qb2 32.Rfd1 Bg5  1-0

[Event "TCh-BEL 2010-11"]
[Site "Ghent BEL"]
[Date "2011.03.20"]
[Round "10.5"]
[White "Lemmers,O"]
[Black "Lazarev,V"]
[Result "1/2-1/2"]
[WhiteElo "2395"]
[BlackElo "2433"]

1.e4 c5 2.c3 Nf6 3.e5 Nd5 4.Nf3 Nc6 5.Bc4 Nb6 6.Bb3 d5 7.exd6 Qxd6 8.O-O Be6
9.Na3 Bxb3 10.Qxb3 e6 11.d4 cxd4 12.Rd1 Be7 13.Nb5 Qb8 14.Nbxd4 Nxd4 15.Rxd4 O-O
16.c4 e5 17.Re4 Nd7 18.Re2 e4 19.Ng5 Nc5 20.Qh3 Bxg5 21.Bxg5 Qe5 22.Qg3 Qxg3
23.hxg3 Rfe8 24.Rd1 Nd3 25.g4 f6 26.Bh4 Rad8 27.Bg3 Kf7 28.Red2 g6 29.f3 f5
30.gxf5 gxf5 31.fxe4 fxe4 32.Bf2 a6 33.Be3 Re6 34.Rf1+ Kg6 35.g4 Rc8 36.Rh2 Kg7
37.Rf5 Rg6 38.Rfh5 Rxg4+ 39.Kf1 Rxc4 40.Rxh7+ Kg8 41.Rxb7 Rb4 42.Rxb4 Nxb4
43.a3 Nd5 44.Kf2 Rg6 45.Rh5 Rd6 46.Re5 Nf6 47.Ke2 Kf7 48.Bg5 Re6 49.Bxf6 Kxf6
50.Rxe6+ Kxe6 51.Ke3 Ke5 52.b4  1/2-1/2

[Event "Kiev Spring 2011"]
[Site "Kiev UKR"]
[Date "2011.03.20"]
[Round "2.3"]
[White "Vusatiuk,V"]
[Black "Foltyn,L"]
[Result "1-0"]
[WhiteElo "2322"]
[BlackElo "2036"]

1.e4 c5 2.c3 Nf6 3.e5 Nd5 4.d4 cxd4 5.cxd4 Nc6 6.Nc3 Nxc3 7.bxc3 d6 8.f4 e6
9.Nf3 Be7 10.Bd3 O-O 11.Qc2 g6 12.h4 dxe5 13.fxe5 f5 14.exf6 Rxf6 15.h5 Rf5
16.hxg6 hxg6 17.Bxf5 exf5 18.Qb3+ Kg7 19.Bh6+ Kf6 20.Bg5+ Kg7 21.Rh7+ Kxh7
22.Qf7+ Kh8 23.Kf2  1-0

[Event "ch-Moscow S/F 2011"]
[Site "Moscow RUS"]
[Date "2011.03.20"]
[Round "5"]
[White "Arslanov,S"]
[Black "Eliseev,U"]
[Result "1/2-1/2"]
[WhiteElo "2411"]
[BlackElo "2359"]

1.e4 c5 2.c3 Nf6 3.e5 Nd5 4.Nf3 Nc6 5.Bc4 Nb6 6.Bb3 d6 7.exd6 c4 8.Bc2 Qxd6
9.O-O g6 10.b3 Bf5 11.Na3 Bxc2 12.Qxc2 Qd3 13.Qb1 Qxb1 14.Rxb1 cxb3 15.axb3 e5
16.Re1 O-O-O 17.Nxe5 Nxe5 18.Rxe5 Bxa3 19.Bxa3 Rxd2 20.Re7 Rhd8 21.g3 R8d7
22.Rbe1 Rxe7 23.Rxe7 Rd7 24.Re8+ Rd8 25.Re7 Rd7 26.Re8+ Rd8 27.Re7 Rd7  1/2-1/2

[Event "2nd Magic Valley IM"]
[Site "Rodatychi UKR"]
[Date "2011.03.20"]
[Round "1"]
[White "Korniyuk,M"]
[Black "Lutsko,I"]
[Result "0-1"]
[WhiteElo "2104"]
[BlackElo "2331"]

1.e4 c5 2.c3 Nf6 3.e5 Nd5 4.d4 cxd4 5.Nf3 e6 6.cxd4 d6 7.Bc4 Nc6 8.O-O Be7
9.Qe2 O-O 10.Rd1 Bd7 11.Bxd5 exd5 12.Nc3 Be6 13.Bf4 Re8 14.h3 Bf8 15.Qd2 dxe5
16.dxe5 Bb4 17.Qd3 Bxc3 18.Qxc3 Rc8 19.Qd2 f6 20.Re1 d4 21.exf6 Qxf6 22.Rad1 Bxa2
23.Ng5 Bd5 24.f3 Qg6  0-1

[Event "TCh-SUI 2011"]
[Site "Switzerland SUI"]
[Date "2011.03.20"]
[Round "2.6"]
[White "Hindermann,F"]
[Black "Ruefenacht,M"]
[Result "1/2-1/2"]
[WhiteElo "2322"]
[BlackElo "2352"]

1.e4 c5 2.c3 Nf6 3.e5 Nd5 4.d4 cxd4 5.Qxd4 e6 6.Nf3 Nc6 7.Qe4 f5 8.Qe2 Qc7
9.g3 Nde7 10.Na3 Ng6 11.Nb5 Qb8 12.Bf4 a6 13.Nbd4 Nxd4 14.Nxd4 b5 15.Bg2 Bb7
16.O-O Bxg2 17.Kxg2 Qb7+ 18.Qf3 Qxf3+ 19.Kxf3 Kf7 20.Rad1 Be7 21.Rd3 Rhd8
22.Rfd1 Rac8 23.Nb3 Ke8 24.Rd4 Rc7 25.h4 Nxf4 26.Kxf4 Rdc8 27.Kf3 Ra8 28.Ke2 a5
29.a3 Raa7 30.f4 h5 31.R1d2 Ra6  1/2-1/2

[Event "TCh-SUI 2011"]
[Site "Switzerland SUI"]
[Date "2011.03.20"]
[Round "2.1"]
[White "Hickl,J"]
[Black "Moor,R"]
[Result "1/2-1/2"]
[WhiteElo "2572"]
[BlackElo "2395"]

1.e4 c5 2.c3 Nf6 3.d3 Nc6 4.Nf3 g6 5.Nbd2 Bg7 6.a3 O-O 7.Be2 d6 8.O-O e5
9.b4 h6 10.Re1 Re8 11.Bf1 Rb8 12.Nb3 b6 13.Bd2 a6 14.a4 cxb4 15.cxb4 b5 16.axb5 axb5
17.Qc1 Bd7 18.h3 Ra8 19.Na5 Rc8 20.Qa3 Qb6 21.Nb3 Be6 22.Rec1 Ne7 23.Be3 Qb8
24.Nbd2 Rxc1 25.Rxc1 Rc8 26.d4 Ne8 27.Rxc8 Bxc8 28.Nb1 exd4 29.Bxd4 Bxd4
30.Nxd4 Bd7 31.Qa6 d5 32.Bxb5 Bxb5 33.Qxb5 Qxb5 34.Nxb5 dxe4 35.N1c3 f5 36.Nd4 Nd6
37.b5 Nc4 38.g4 Nb6 39.h4 Kf7 40.h5 fxg4 41.hxg6+ Kxg6 42.Nxe4 h5 43.Kg2 Nf5
44.Nc6 Nc4 45.Kh2  1/2-1/2

[Event "Kiev Spring 2011"]
[Site "Kiev UKR"]
[Date "2011.03.21"]
[Round "4.3"]
[White "Vusatiuk,V"]
[Black "Melnichenko,A"]
[Result "1/2-1/2"]
[WhiteElo "2322"]
[BlackElo "2282"]

1.e4 c5 2.c3 Nf6 3.e5 Nd5 4.d4 cxd4 5.cxd4 d6 6.Nf3 e6 7.Nc3 Nxc3 8.bxc3 Qc7
9.Bd2 Nd7 10.exd6 Bxd6 11.Bd3 b6 12.O-O O-O 13.Qc2 h6  1/2-1/2

[Event "Skopje Spring Open 2011"]
[Site "Skopje MKD"]
[Date "2011.03.21"]
[Round "3"]
[White "Kukov,T"]
[Black "Stojkovska,M"]
[Result "1/2-1/2"]
[WhiteElo "2076"]
[BlackElo "1914"]

1.e4 c5 2.c3 Nf6 3.e5 Nd5 4.d4 cxd4 5.Nf3 e6 6.cxd4 d6 7.Bc4 Nb6 8.Bb3 d5
9.O-O Be7 10.Ne1 O-O 11.Qg4 f5 12.Qh3 Nc6 13.Nf3 Bd7 14.Nc3 Kh8 15.Rd1 g5
16.g4 Be8 17.Bc2 h5 18.Ne1 fxg4 19.Qd3 Rf5 20.a3 Bd7 21.Qg3 Rf8 22.Qd3 Rf5
23.Ne2 h4 24.Nc3 Qf8 25.Qe2 Rf7 26.Qxg4 Qh6 27.Rd3 Rh7 28.Nf3 Qh5 29.Qxh5 Rxh5
30.h3 Kg7 31.Bd1 Be8 32.Nh2 Rh8 33.Bg4 Bg6 34.Rd1 Bf5 35.f3 Raf8 36.Kg2 a6
37.b3 Na5 38.b4 Nb3 39.Bxf5 Rxf5 40.Rb1 Nxc1 41.Rbxc1 Nc4 42.Rd3  1/2-1/2

[Event "Angora Int 2011"]
[Site "Ankara TUR"]
[Date "2011.03.23"]
[Round "5"]
[White "Ali Marandi,C"]
[Black "Mirzoev,A"]
[Result "1/2-1/2"]
[WhiteElo "2213"]
[BlackElo "2571"]

1.e4 c5 2.c3 Nf6 3.e5 Nd5 4.d4 cxd4 5.cxd4 d6 6.Nf3 Nc6 7.Bc4 e6 8.O-O Be7
9.Qe2 O-O 10.Nc3 Nxc3 11.bxc3 dxe5 12.dxe5 Qa5 13.Qe4 Qa4 14.Bg5 h6 15.Bxe7 Nxe7
16.Rab1 Qc6 17.Bd3 Qxe4 18.Bxe4 Rb8 19.c4 b6 20.Rfd1 Bb7 21.Bxb7 Rxb7 22.c5  1/2-1/2

[Event "5th Agzamov Mem"]
[Site "Tashkent UZB"]
[Date "2011.03.23"]
[Round "6"]
[White "Fedyashin,S"]
[Black "Ismagambetov,An"]
[Result "0-1"]
[WhiteElo "2102"]
[BlackElo "2496"]

1.e4 c5 2.c3 Nf6 3.e5 Nd5 4.Nf3 e6 5.Bc4 d6 6.O-O Be7 7.d4 cxd4 8.cxd4 O-O
9.Bxd5 exd5 10.Nc3 dxe5 11.Nxe5 Nc6 12.Nxc6 bxc6 13.Bf4 Bf6 14.Na4 Re8 15.Rc1 Ba6
16.Re1 Rxe1+ 17.Qxe1 Bxd4 18.Qd2 Qf6 19.Bg5 Bxf2+ 20.Qxf2 Qxg5 21.Rxc6 Bb5
22.Rc7 Bxa4 23.Qxf7+ Kh8 24.h4 Qe3+ 25.Kh1 Qe1+ 26.Kh2 Qxh4+ 27.Kg1 Qe1+
28.Kh2 Qe5+ 29.Kh3 Re8 30.Rxa7 Bc2 31.Qf2 Bg6 32.Ra4 h6 33.Rf4 Be4 34.g4 Kh7
35.b4 Rc8  0-1

[Event "Bocharov Memorial"]
[Site "Borisoglebsk RUS"]
[Date "2011.04.01"]
[Round "2"]
[White "Skvortsov,Andrey"]
[Black "Novikov,Pavel"]
[Result "1-0"]
[WhiteElo "2197"]
[BlackElo "1786"]

1.e4 c5 2.c3 Nf6 3.e5 Nd5 4.d4 cxd4 5.Nf3 Nc6 6.cxd4 d6 7.Bc4 e6 8.O-O Be7
9.Re1 O-O 10.Nc3 Nxc3 11.bxc3 dxe5 12.Nxe5 Nxe5 13.Rxe5 Bf6 14.Re1 Qc7 15.Qb3 Bd7
16.Bd2 Rfd8 17.Bd3 Bc6 18.Be4 Rac8 19.Rab1 Bxe4 20.Rxe4 b6 21.Rbe1 Rd5 22.Qxd5  1-0

[Event "FSFMB April"]
[Site "Budapest HUN"]
[Date "2011.04.02"]
[Round "1"]
[White "Hegedus,P2"]
[Black "Csetneki,M"]
[Result "1/2-1/2"]
[WhiteElo "1792"]
[BlackElo "1640"]

1.e4 c5 2.c3 Nf6 3.e5 Nd5 4.d4 cxd4 5.Nf3 e6 6.cxd4 d6 7.Be2 Nc6 8.O-O Qc7
9.Re1 Be7 10.Nbd2 a6 11.Nc4 b5 12.Nxd6+ Bxd6 13.exd6 Qxd6 14.a3 O-O 15.Bg5 Bb7
16.Rc1 Rac8 17.Bd3 Nb6 18.Be4 Nd5 19.Qd2 Nce7 20.Bh4 Qb6 21.Ne5 Rxc1 22.Rxc1 Rc8  1/2-1/2

[Event "Karposh Open"]
[Site "Skopje MKD"]
[Date "2011.04.03"]
[Round "2"]
[White "Kukov,T"]
[Black "Tairi,K"]
[Result "0-1"]
[WhiteElo "2076"]
[BlackElo "1690"]

1.e4 c5 2.c3 Nf6 3.e5 Nd5 4.d4 e6 5.Nf3 d6 6.Bc4 a6 7.O-O dxe5 8.dxe5 b5
9.Bd3 Bb7 10.Qe2 c4 11.Bc2 Nd7 12.a4 Qc7 13.axb5 axb5 14.Rxa8+ Bxa8 15.Re1 h6
16.Nd4 Qb7 17.Qf3 Bc5 18.Qg3 Kf8 19.Be4 Qb8 20.Bc2 b4 21.Be3 bxc3 22.bxc3 Qb2
23.Nxe6+ fxe6 24.Bg6 Nxe3 25.fxe3 Nxe5 26.Bh5 g5 27.Kh1 Ke7 28.e4 Qf2 29.Qxf2 Bxf2
30.Rf1 Nd3 31.Nd2 Rc8 32.Be2 Be3 33.Nxc4 Rxc4 34.Bxd3 Rxc3  0-1

[Event "FSGM April"]
[Site "Budapest HUN"]
[Date "2011.04.05"]
[Round "4"]
[White "Vajda,Le"]
[Black "Kargin,A"]
[Result "1-0"]
[WhiteElo "2508"]
[BlackElo "2400"]

1.e4 c5 2.c3 Nf6 3.e5 Nd5 4.d4 cxd4 5.Nf3 Nc6 6.cxd4 d6 7.Bc4 Nb6 8.Bb5 Bd7
9.Nc3 dxe5 10.dxe5 g6 11.Be3 Bg7 12.Qe2 Qc7 13.O-O O-O 14.Bxb6 Qxb6 15.Nd5 Qc5
16.Rfd1 Nd4 17.Rxd4 Bxb5 18.Qd2 a6 19.Rc1 Qa7 20.Nxe7+ Kh8 21.Rh4 Rae8 22.Qg5 Bc6
23.Nxg6+ fxg6 24.Qxg6 h6 25.Rxh6+ Bxh6 26.Qxh6+ Kg8 27.Qg6+ Kh8 28.Rc4  1-0